000 00629nam a22001937a 4500
005 20251108164647.0
008 250721s1993 xx 000 0 ara d
082 1 4 _a291/شلب
100 1 _aشلبي، أحمد
245 1 0 _aأديان الهند الكبرى :
_bالهندوسيه - الجينيه - البوذيه /
250 _aط9.
264 1 _aالقاهره :
_bمكتبة النهضه المصريه،
_c1993.
300 _a228ص.
490 0 _aمقارنة الأديان ؛4
650 1 7 _aالديانات الهندية
650 1 7 _aالديانات المقارنة
942 _2ddc
_cBK
999 _c11190
_d11190